| 000 | 01159nam a2200313 a 4500 | ||
|---|---|---|---|
| 001 | 882 | ||
| 003 | BR-CuiBMT | ||
| 005 | 20231213130150.0 | ||
| 008 | 231113s2009 spba 001 0 por d | ||
| 020 | _a9788502067554 | ||
| 040 |
_aBR-CuiBMT _cBR-CuiBMT |
||
| 080 |
_a657:336.13 _22007 |
||
| 090 |
_a657:336.13 _bA663c _c2. ed. |
||
| 100 | 1 |
_aAraújo, Inaldo da Paixão Santos, _d1964- |
|
| 245 | 1 | 0 |
_aContabilidade pública : _bda teoria à prática / _cInaldo Araújo, Daniel Arruda. |
| 250 | _a2. ed., rev. e atual. | ||
| 260 |
_aSão Paulo : _bSaraiva, _cc2009. |
||
| 300 |
_a319 p. : _bil. ; _c24 cm |
||
| 500 | _aInformação da capa e folha de rosto: inclui as principais normas do STN e do CFC aplicadas ao setor público e exercícios preparatórios para concursos. | ||
| 504 | _aInclui bibliografia e índice. | ||
| 590 | _aA Biblioteca possui a 1. reimpr. 2009. | ||
| 650 |
_aContabilidade pública _xLegislação _zBrasil |
||
| 650 |
_aOrçamento público _xContabilidade |
||
| 650 |
_aDespesa pública _zBrasil |
||
| 650 | _aReceita pública | ||
| 650 |
_aBalanço financeiro _zBrasil |
||
| 700 | 1 | _aArruda, Daniel Gomes | |
| 942 |
_2udc _cLV |
||
| 999 |
_c882 _d882 |
||